| 000 | 00537nam a22001937a 4500 | ||
|---|---|---|---|
| 005 | 20230609121142.0 | ||
| 008 | 230608b |||||||| |||| 00| 0 eng d | ||
| 020 | _a9780071151092 | ||
| 082 |
_a658.4038 _bBRI-I |
||
| 100 | _aO,Brien,James.A | ||
| 245 | _a Introduction to information systems : essentials for the E-business enterprise | ||
| 250 | _a11th ed. | ||
| 260 |
_aNew York _bMcGraw Hill _c2003 |
||
| 300 | _a450 | ||
| 500 | _aIncludes References,Index | ||
| 650 | _aManagement | ||
| 700 | _aJames A.O'Brien | ||
| 999 |
_c18675 _d18675 |
||